00776na a2200217 450000100060000000300080000600500170001400800410003102000180007204000250009004100080011508200210012324501350014426000730027930000330035260000380038560000300042360000400045365000310049370000340052421948MIRAKIL20181213154922.0170209b tu 000 0  a9786058702301 aMilasbturcTR-AnCHP atur a730.92bM87 2009 aMustafa BulatbAtatürk Üniversitesi Güzel Sanatlar FakültesicFotoğraflayan Nafia Özdemir Hanyaloğlu, ...[ve öte.] aErzurumbAtatürk Üniversitesi Güzel Sanatlar Fakültesic2009 a[382] s.bfotğ.c30x30 sm. aBulat, MustafaxResimli yapıtlar aBulat, MustafaxHeykeller aBulat, MustafaxYaşamöyküsü aHeykeltraşlarxTürkler aHanyaloğlu, Özdemir Nafia